Video Game By Reference - Statistics

General Stats
  • This quiz has been taken 20 times
  • The average score is 6 of 16
Answer Stats
Picture Hint Answer % Correct
Super Mario Animal Crossing: New Horizons
80%
American Gothic Painting The Simpsons: Hit & Run
75%
Howl's Moving Castle Stardew Valley
55%
Time Fcuk The Binding Of Isaac
55%
The Exorcist Paper Mario: Color Splash
50%
The Legend Of Zelda Metroid Prime
35%
The Matrix Conker's Bad Fur Day
30%
Star Wars: The Empire Strikes Back The Elder Scrolls V: Skyrim
30%
The Beatles Wolfenstein: The New Order
30%
Sharknado Phoenix Wright: Ace Attorney - Dual Destinies
25%
Sam & Max The Secret Of Monkey Island
25%
Big Trouble Little China World Of Warcraft
20%
Taylor Swift Layton's Mystery Journey: Katrielle and the Millionaires' Conspiracy
15%
Old Activision Games Call Of Duty: Black Ops 2
10%
Dead Rising Left 4 Dead 2
10%
The Simpsons Duck Life Adventure
5%
No matching quizzes found
Score Distribution
Percent of People with Each Score
Percentile by Number Answered
Your Score History
You have not taken this quiz